Vplyv finančnej a hospodárskej krízy na investovanie bakalárska práca

Salvato in:
Dettagli Bibliografici
Autore principale: Paulová, Veronika
Ente Autore: Národohospodárska fakulta EU. Katedra bankovníctva a medzinárodných financií
Altri autori: Kotlebová, Jana, 1969-
Natura: Libro
Lingua:slovacco
Pubblicazione: Bratislava 2012
Tags: Aggiungi Tag
Nessun Tag, puoi essere il primo ad aggiungerne!!

MARC

LEADER 00000nbm a2200000 4500
001 0155927
005 20161109111926.2
041 0 |a slo 
044 |a SK 
245 1 0 |a Vplyv finančnej a hospodárskej krízy na investovanie  |b bakalárska práca  |c Veronika Paulová ; školiteľ: Jana Kotlebová 
264 1 |a Bratislava  |c 2012 
300 |a 41 s. 
100 1 |a Paulová, Veronika 
700 1 |a Kotlebová, Jana, 1969- 
710 2 |a Národohospodárska fakulta EU. Katedra bankovníctva a medzinárodných financií